AH International Schools' Libraries

The Whole-Brain Child (Record no. 48951)

MARC details
000 -LEADER
fixed length control field 00377nam a22001217a 4500
008 - FIXED-LENGTH DATA ELEMENTS--GENERAL INFORMATION
fixed length control field 250603b |||||||| |||| 00| 0 eng d
020 ## - INTERNATIONAL STANDARD BOOK NUMBER
International Standard Book Number 9780553386691
100 ## - MAIN ENTRY--PERSONAL NAME
Personal name Daniel J. Siegel M.D. (Author), Tina Payne Bryson (Author)
9 (RLIN) 86337
245 ## - TITLE STATEMENT
Title The Whole-Brain Child
260 ## - PUBLICATION, DISTRIBUTION, ETC. (IMPRINT)
Place of publication, distribution, etc New York
Name of publisher, distributor, etc Bantam
Date of publication, distribution, etc 2012
300 ## - PHYSICAL DESCRIPTION
Extent 192 p
Other physical details col. ill.
Dimensions 5.18 x 0.51 x 7.95 inches
942 ## - ADDED ENTRY ELEMENTS (KOHA)
Source of classification or shelving scheme
Holdings
Withdrawn status Lost status Source of classification or shelving scheme Damaged status Not for loan Collection code Home library Current library Date acquired Total Checkouts Full call number Barcode Date last seen Price effective from Koha item type
          Non-Fiction Asian Hope Siem Reap Asian Hope Siem Reap 06/03/2025   NFIC DAN 208235 06/03/2025 06/03/2025 Book

For any Logos Library related questions please contact Miss Art at swongnarasuk@asianhope.org.

For any Asian Hope Library related questions please contact Miss Raza at graza@asianhope.org.

Click here to explore our ebooks!

Powered by Koha